| 000 | 00513nam a2200181 a 4500 | ||
|---|---|---|---|
| 001 | 1877 | ||
| 005 | 20140414131852.0 | ||
| 008 | 010727s19uu xx 00 eng d | ||
| 020 | _a1-85993-035-2 | ||
| 050 |
_aM 621.032 _bL162 1994 |
||
| 100 | _aLafferty, Peter | ||
| 245 |
_aHow things are made / _cPeter Lafferty ; illustrated by Jeremy Gower & Mainline Design. |
||
| 260 |
_aItaly : _bZigzag Pub., _c1994. |
||
| 300 | _a32p. : ill. ; cm. | ||
| 650 | _aScience. | ||
| 650 | _aTechnology. | ||
| 999 |
_c110263 _d110263 |
||